书目信息 |
| 题名: |
走进思维的新区
|
|
| 作者: | 梁良良 , 黄牧怡 著 | |
| 分册: | ||
| 出版信息: | 北京 中央编译出版社 2001 |
|
| 页数: | 386页 | |
| 开本: | 20cm | |
| 丛书名: | ||
| 单 册: | ||
| 中图分类: | B80 | |
| 科图分类: | 37.203 | |
| 主题词: | 创造性思维--研究 , 思维科学 | |
| 电子资源: | ||
| ISBN: | 7-80109-108-6 | |
| 000 | 00830nam0 2200253 45 | |
| 001 | 0934028081 | |
| 005 | 20090927093136.12 | |
| 010 | @a7-80109-108-6@dCNY21.80 | |
| 100 | @a19960731d2001 y0chiy0121 ea | |
| 101 | 0 | @achi |
| 102 | @aCN@b110000 | |
| 105 | @ay z 000yy | |
| 200 | 10 | @a走进思维的新区@AZOU JIN SI WEI DE XIN QU@e当代创意思维训练指南@EDANG DAI CHUANG YI SI WEI XUN LIAN ZHI NAN@f梁良良,黄牧怡著@FLIANG LIANG LIANG , HUANG MU YI ZHU |
| 210 | @a北京@c中央编译出版社@d2001 | |
| 215 | @a386页@d20cm | |
| 517 | 1 | @a当代创意思维训练指南@ADANG DAI CHUANG YI SI WEI XUN LIAN ZHI NAN |
| 606 | 0 | @a创造性思维@x研究 |
| 606 | 0 | @a思维科学 |
| 690 | @aB80@v4 | |
| 692 | @a37.203 | |
| 701 | 0 | @a梁良良@ALIANG LIANG LIANG@4著 |
| 701 | 0 | @a黄牧怡@AHUANG MU YI@4著 |
| 801 | 0 | @aCN@bTSSF@c19960731 |
| 905 | @a10447@dB80@eJY6 | |
| 走进思维的新区:当代创意思维训练指南/梁良良,黄牧怡著.-北京:中央编译出版社,2001 |
| 386页;20cm |
| ISBN 7-80109-108-6:CNY21.80 |
| ● |
| 相关链接 |
|
|
|
|
正题名:走进思维的新区
索取号:B80/JY6
 
预约/预借
| 序号 | 登录号 | 条形码 | 馆藏地/架位号 | 状态 | 备注 |
| 1 | 7809955 | 278099558 | 学院路分馆/ [索取号:B80/JY6] | 在馆 | |
| 2 | 7809956 | 278099567 | 学院路分馆/ [索取号:B80/JY6] | 在馆 | |
| 3 | 7809957 | 278099576 | 学院路分馆/ [索取号:B80/JY6] | 在馆 | |
| 4 | 7809958 | 278099585 | 学院路分馆/ [索取号:B80/JY6] | 在馆 |